Değişen kahramınımız / (Kayıt no. 10398)

MARC ayrıntıları
000 -BAŞLIK
Sabit Uzunluktaki Kontrol Alanı 00732nam a22002297a 4500
003 - KONTROL NUMARASI KİMLİĞİ
Kontrol Alanı KOHA_MİRAKIL
005 - EN SON İŞLEM TARİHİ ve ZAMANI
Kontrol Alanı 20260602103608.0
008 - SABİT UZUNLUKTAKİ VERİ ÖGELERİ - GENEL BİLGİ
Sabit Alan 260602b tu ||||| |||| 00| 0 tur d
020 ## - ISBN - ULUSLARARASI STANDART KİTAP NUMARASI
Isbn 9755334971
040 ## - KATALOGLAMA KAYNAĞI
Özgün Kataloglama Kurumu TR-AnABB
Kataloglama Dili tur
Çeviri Kurumu TR-AnABB
041 ## - DİL KODU
Metin ya da ses kaydının dil kodu tur
082 ## - DEWEY ONU SINIFLAMA SİSTEMİ
Sınıflama Numarası 895.73
Cutter numarası MUN 2006
100 1# - KİŞİ ADI
Yazar Adı (Kişi adı) Munyol, İ.
245 10 - ESER ADI BİLDİRİMİ
Başlık Değişen kahramınımız /
Sorumluluk Bildirimi İ. Munyol ; Korece aslından çeviren: S. Yeşim Ferendeci, S. Göksel Türközü
250 ## - BASIM BİLDİRİMİ
Basım Bildirimi 1. baskı
260 ## - YAYIN, DAĞITIM, VB.
Yayın Yeri Ankara :
Yayınevi İmge Kitabevi,
Yayın Tarihi 2006
300 ## - FİZİKSEL TANIMLAMA
Sayfa, Cilt vb. 95 sayfa ;
Boyutları 20 cm
650 04 - KONU BAŞLIĞI EK GİRİŞ - KONU TERİMİ
Konusal terim veya coğrafi ad Kore edebiyatı, roman
700 1# - EK GİRİŞ - KİŞİ ADI
Yazar Adı (Kişi adı) Ferendeci, S. Yeşim,
İlişkili Terim çeviren
9 (RLIN) 3647
700 1# - EK GİRİŞ - KİŞİ ADI
Yazar Adı (Kişi adı) Türközü, S. Göksel,
İlişkili Terim çeviren
9 (RLIN) 3648
942 ## - EK GİRİŞ ÖGELERİ (KOHA)
Sınıflama Kaynağı Dewey Decimal Classification
Materyal Türü Kitap
900 ## - YEREL BİLGİ
Kontrol Can ÇELIK
Mevcut
Geri Çekilme Durumu Kayıp Durumu Sınıflandırma Kaynağı Kredi için değil Kalıcı Konum Mevcut Konum Kayıt Tarih Toplam Ödünçverme Yer Numarası Demirbaş Numarası Son Görülme Tarihi Fatura Tarihi Materyal Türü
    Dewey Decimal Classification   Prof. Dr. Ruşen Keleş Kütüphanesi Prof. Dr. Ruşen Keleş Kütüphanesi 02/06/2026   895.73 MUN 2006 RK7123 02/06/2026 02/06/2026 Kitap